000 00324nam a2200133Ia 4500
008 191201s2019 xx 000 0 und d
082 _a615.4 NAP
100 _aNAND, Partibha
245 0 _aPharmaceutical Dispensing
260 _bCBS Pub
_aNew Delhi
_c2019
300 _a200
650 _aPharmaceutics - 4
942 _2ddc
_cBK
999 _c8229
_d8229